| 000 | 00000nam 2200000zi 4500 |
| 001 | 9.911562 |
| 003 | CaOODSP |
| 005 | 20230313141520 |
| 006 | m o d f |
| 007 | cr ||||||||||| |
| 008 | 220525s2022 onca |ob f00| 0 eng d |
| 020 | |a9780660436791 |
| 040 | |aCaOODSP|beng|erda|cCaOODSP |
| 043 | |an-cn--- |
| 086 | 1 |aHP10-39/3-2022E-PDF |
| 245 | 00|aHow to support and include dads. |
| 264 | 1|a[Ottawa] : |bPublic Health Agency of Canada = Agence de la santé publique du Canada, |c2022. |
| 300 | |a1 online resource (1 page) : |billustrations |
| 336 | |atext|btxt|2rdacontent |
| 337 | |acomputer|bc|2rdamedia |
| 338 | |aonline resource|bcr|2rdacarrier |
| 500 | |aIssued also in French under title: Comment soutenir et inclure les papas? |
| 504 | |aIncludes bibliographical references. |
| 650 | 0|aFathers|xServices for|zCanada. |
| 650 | 0|aParenting|zCanada. |
| 710 | 2 |aPublic Health Agency of Canada, |eissuing body. |
| 775 | 08|tComment soutenir et inclure les papas.|w(CaOODSP)9.911561 |
| 856 | 40|qPDF|s107 KB|uhttps://publications.gc.ca/collections/collection_2023/aspc-phac/HP10-39-3-2022-eng.pdf |